000 01007nam a2200277Ia 4500
008 130821s1986 sp gr spa
020 _a8420636863
040 _aCo-BoUCM
_bspa
041 0 0 _aspa
100 1 _aHesiodo
_dS. VII. a. C.
_9156421
245 1 0 _aTeogonía
_cHesiodo ;introducción, traducción y notas de Adelaida Martín Sánchez y María Ángeles Martín Sánchez
260 _aMadrid (España)
_bAlianza Editorial
_c1986
300 _a193 páginas
490 _aEl Libro de Bolsillo.
_v8223
_aBiblioteca Temática.
_aClásicos de Grecia y Roma
501 _aCertamen
501 _aEscudo
501 _aTrabajos de días
650 0 4 _aLiteratura griega
_976
650 0 4 _aMitología griega
_919635
650 0 4 _aValores (Filosofía)
_926079
651 _aGrecia
_xVida social y costumbres
_926629
700 1 _aMartín Sánchez, Adelaida
_9164408
700 1 _aMartín Sánchez, María
_9164409
942 _cLIBRO
_a18
_e1
_mH584t
_2DEWEY
_h881
_n0
999 _c57470
_d57470